000 00181 a2200097 4500
020 _a0757820255
041 _aeng
100 _aColeman, Evelyn
245 _aOne for all
942 _cBK
999 _c31345
_d31343